Introducción a la ingeniería eléctrica : circuitos eléctricos

Wedi'i Gadw mewn:
Manylion Llyfryddiaeth
Prif Awdur: Nasar, S. A
Awduron Eraill: Paul, C. R, Unnewehr, L. E., 1925
Fformat: Llyfr
Iaith:Spanish
Cyhoeddwyd: México : McGraw-Hill, c1991
Pynciau:
Tagiau: Ychwanegu Tag
Dim Tagiau, Byddwch y cyntaf i dagio'r cofnod hwn!

MARC

LEADER 00000nam a2200000Ia 4500
003 L000663
005 20221231143955.0
008 140114s1991 mx a 000 ||spa d
040 |c cru CEDI 
082 |a 621.3 N243i 
100 |a Nasar, S. A  |9 19516 
245 |a Introducción a la ingeniería eléctrica : circuitos eléctricos  
260 |a México : McGraw-Hill,   |c c1991 
300 |a Vol. 1 
500 |a Traducción de la primera edición en inglés introduction to electrical engineering 
650 |x INGENIERIA ELECTRICA  |9 19519 
700 |9 19517  |a Paul, C. R 
700 |9 19518  |a Unnewehr, L. E., 1925 
942 |2 ddc  |c BK 
999 |c 15036  |d 15036